000 00589nam a2200253Ia 4500
005 20260121161122.0
008 008 260114s9999 xx 000 0 eng d
020 _a9780203061367
037 _aEBOOK
040 _aCRL
040 _beng
040 _cCRL
041 _2eng
041 _aeng
084 _qCRL
100 _a J.E.Caseley Hayford
_91040432
245 0 _aEthiopia Unbound
260 _bTaylor and Francis
260 _c1970
856 _uhttp://www.taylorfrancis.com/books/9780203061367
942 _cEBOOK
999 _c1607248
_d1607248